00718cam a2200193Ii 45000010008000000030006000080050017000140080041000310400028000720500020001000500020001200820019001401000048001592450171002072500032003782600058004103000021004686300035004896370072OCoLC20190109180106.0800529r19061923nyu 000 0 eng d aMOGcMOGdVFYdOCLdATH aBS591b.G7 1923 aBS591b.G7 1923 aREF 220bG778s1 aGray, James M.q(James Martin),d1851-1935.10aSynthetic Bible studies :bcontaining an outline study of every book of the Bible, with suggestions for sermons, addresses, and Bible expositions /cby James M. Gray. aNew ed., rev. and enlarged. aNew York ;aChicago :bFleming H. Revell,c1906-1923. a340 p. ;c21 cm.00aBiblevOutlines, syllabi, etc.